Texture (Record no. 1162995)

MARC details
000 -LEADER
fixed length control field 01057nam a2200313 a 4500
001 - CONTROL NUMBER
control field vtls001717244
003 - CONTROL NUMBER IDENTIFIER
control field NLI
005 - DATE AND TIME OF LATEST TRANSACTION
control field 20210628162733.0
008 - FIXED-LENGTH DATA ELEMENTS--GENERAL INFORMATION
fixed length control field 130514s2009 stk s 001 0 eng
020 ## - INTERNATIONAL STANDARD BOOK NUMBER
International Standard Book Number 9780748651511 (ebook)
020 ## - INTERNATIONAL STANDARD BOOK NUMBER
International Standard Book Number 0748651519 (ebook)
039 #9 - LEVEL OF BIBLIOGRAPHIC CONTROL AND CODING DETAIL [OBSOLETE]
-- 201305141628
-- VLOAD
040 ## - CATALOGING SOURCE
Original cataloging agency NLI \b eng
041 0# - LANGUAGE CODE
Language code of text/sound track or separate title eng
044 ## - COUNTRY OF PUBLISHING/PRODUCING ENTITY CODE
MARC country code stk
100 1# - MAIN ENTRY--PERSONAL NAME
Personal name Stockwell, Peter.
9 (RLIN) 1133805
245 10 - TITLE STATEMENT
Title Texture
Medium [electronic resource] :
Remainder of title a cognitive aesthetics of reading /
Statement of responsibility, etc. Peter Stockwell.
260 ## - PUBLICATION, DISTRIBUTION, ETC.
Place of publication, distribution, etc. Edinburgh :
Name of publisher, distributor, etc. Edinburgh University Press,
Date of publication, distribution, etc. c2009.
300 ## - PHYSICAL DESCRIPTION
Extent 1 online resource (viii, 216 p.)
504 ## - BIBLIOGRAPHY, ETC. NOTE
Bibliography, etc. note Includes bibliographical references and index.
650 #0 - SUBJECT ADDED ENTRY--TOPICAL TERM
Topical term or geographic name entry element Literature
General subdivision History and criticism.
9 (RLIN) 678044
650 #0 - SUBJECT ADDED ENTRY--TOPICAL TERM
Topical term or geographic name entry element Cognitive grammar.
9 (RLIN) 734013
650 #0 - SUBJECT ADDED ENTRY--TOPICAL TERM
Topical term or geographic name entry element Reading.
9 (RLIN) 686643
856 40 - ELECTRONIC LOCATION AND ACCESS
Materials specified Edinburgh scholarship online
Uniform Resource Identifier <a href="http://dx.doi.org/10.3366/edinburgh/9780748625819.001.0001">http://dx.doi.org/10.3366/edinburgh/9780748625819.001.0001</a>
887 ## - NON-MARC INFORMATION FIELD
Content of non-MARC field Gopa
905 ## - LOCAL DATA ELEMENT E, LDE (RLIN)
a Gopa
949 ## - LOCAL PROCESSING INFORMATION (OCLC)
-- VIRTUAITEM
-- 10000
-- 206
6 EBK000004966ENG
e EBK4966
942 ## - ADDED ENTRY ELEMENTS (KOHA)
Source of classification or shelving scheme Dewey Decimal Classification
Koha item type Books
Holdings
Withdrawn status Lost status Damaged status Not for loan Home library Current library Date acquired Total Checkouts Barcode Date last seen Price effective from Koha item type
        National Library of India National Library of India     EBK000004966ENG 28/06/2021 28/06/2021 Books
                                                                           
web counter

Copyright ©2020 The National Library of India, Govt. of India ↔ Hosted by NVLI, MOC ↔ Technology and Design by National Library of India, Ministry of Culture, Govt. of India